000 00371cam a2200169ua 4500
020 _c3.75
041 _amal
_h
082 _a894.81280355
_bJOS/AU
100 _aJoseph, K.J .
245 _aAustralian diary
260 _aKottayam :
_bNational Book Stall ,
_c1968.
300 _a220 ; .
365 _a3.75
504 _a
942 _cBK
999 _c4285
_d4285